| 000 | 00350nam a22001457a 4500 | ||
|---|---|---|---|
| 003 | SGT | ||
| 020 | _a0-7657-0002-6 | ||
| 082 | _a616.8, P97T | ||
| 100 | _aTUCKFELT, SONDRA | ||
| 245 | _aTHE PSYCHOTHERAPISTS GUIDE TO MANAGED CAE IN THE 21ST CENTURY | ||
| 260 |
_aLONDON _bARONSON _c1997 |
||
| 300 | _a402 | ||
| 650 | _aPSYCHIATRY | ||
| 942 |
_2ddc _cBK |
||
| 999 |
_c8349 _d8349 |
||